000 00759 a2200217 4500
999 _c10842
_d10842
020 _a0958409226
050 _aJZ1242
_bCHA 1995
110 _aUniversity of the North (South Africa)
245 _a Papers presented at the University of the North, Mankweng, September, 1995
264 _aPretoria :
_bUniversity of the North, Sovenga,
_c1995
300 _a v, 290 pages :
_billustrations ; 21 cm
336 _atext
_btxt
_2rdacontent
337 _aunmediated
_bn
_2rdamedia
338 _avolume
_bnc
_2rdacarrier
440 _a Spring lectures (University of the North)
500 _aIncludes Bibliography
650 _aLectures
650 _a Lectures and lecturing
710 _aUniversity of the North (South Africa)
942 _2lcc
_cBK
_h1142
_iCHA
_kJZ